Problematika klasifikace a zobrazení vazeb statistických ukazatelů
Gespeichert in:
| Format: | Buch |
|---|---|
| Sprache: | Tschechisch |
| Veröffentlicht: |
Praha
Výzkumný ústav soc. ekon. inf.
1983
|
| Schriftenreihe: | Studijní materiál
č. 139 |
| Tags: |
Keine Tags, Fügen Sie das erste Tag hinzu!
|
MARC
| LEADER | 00000nam a2200000 4500 | ||
|---|---|---|---|
| 001 | c133717 | ||
| 005 | 20041019155259.0 | ||
| 041 | 0 | |a cze | |
| 044 | |a CZ | ||
| 245 | 1 | 0 | |a Problematika klasifikace a zobrazení vazeb statistických ukazatelů |
| 264 | 1 | |a Praha |b Výzkumný ústav soc. ekon. inf. |c 1983 | |
| 300 | |a 85 s. | ||
| 490 | 1 | |a Studijní materiál |v č. 139 | |
| 830 | 0 | |a Studijní materiál |v č. 139 | |